000 01473nam a2200325 a 4500
001 0000232
003 DO-SdBNP
005 20160413110808.0
007 0000232
008 150130s2013 dr ac 000 0 spa d
020 _a9789945174847
040 _aBPMSU
_bspa
_cBPMSU
092 _a373.7
_bM425a, 4to. 2013
245 0 0 _aMatemática 4 :
_beducación media /
_cgerencia editorial Anna Rogero Soler ; colaboración Kreemly Pérez ... [et. al.]; ilustraciones Joaquín Turina.
260 _aSanto Domingo :
_bSM,
_c2013.
300 _a319 p. :
_bil., retrs,
_c29 cm. +
_eCD-ROM :
490 1 _aProyecto Sé
505 1 _tUnidad 1 --
_tNúmeros reales. Números complejos --
_tUnidad 2 --
_tTransformaciones geométricas --
_tUnidad 3 --
_tIdentidades y ecuaciones trigonométricas --
_tUnidad 4 --
_tSucesiones --
_tUnidad 5 --
_tLímites y continuidad --
_tUnidad 6 --
_tDerivadas --
_tUnidad 7 --
_tRepresentación de funciones. Integrales --
_tUnidad 8 --
_tCombinatoria. Cálculo de probabilidades --
_tGlosario --
_tBibliografía --
650 _aMATEMÁTICAS
_xENSEÑANZA SECUNDARIA
650 _aEDUCACIÓN SECUNDARIA
_zREPÚBLICA DOMINICANA
650 _aMATEMÁTICAS
_xLIBROS DE TEXTOS
650 _aMATEMÁTICAS
_xESTUDIOS Y EJERCICIOS
700 1 2 _aRogero Soler, Anna
_eed.
700 1 2 _aTurina, Joaquin
_eil.
700 1 2 _aPérez, Kreemly.
830 0 _aProyecto Sé
910 _aValidado. Control de calidad MFF
942 _2ddc
_cBK
956 _aYLOCKWARD
_b10
999 _c9498
_d9498